[Event "ICS rated blitz match"]
[Site "207.99.83.229"]
[Date "1999.07.24"]
[Round "?"]
[White "Hossa"]
[Black "sergor"]
[Result "1-0"]
[WhiteElo "2414"]
[BlackElo "2333"]
[PlyCount "111"]
[EventDate "1999.??.??"]

1. d4 Nf6 2. c4 e6 3. Nc3 Bb4 4. Bg5 h6 5. Bh4 c5 6. d5 d6 7. Rc1 e5 8. f3 g5
9. Bf2 Nbd7 10. e4 Nf8 11. a3 Bxc3+ 12. Rxc3 Ng6 13. b4 b6 14. Ne2 h5 15. bxc5
bxc5 16. Qa4+ Bd7 17. Qa6 Qb6 18. Qxb6 axb6 19. Be3 g4 20. Bg5 Nh7 21. Bd2 Kd8
22. Ng3 h4 23. Nf5 gxf3 24. Nxd6 Kc7 25. Nxf7 Rhf8 26. Rxf3 Bg4 27. Ng5 Bxf3
28. Ne6+ Kd6 29. Nxf8 Nhxf8 30. gxf3 Rxa3 31. Ke2 Ra2 32. h3 Nf4+ 33. Kd1 N8g6
34. Rh2 Ra1+ 35. Bc1 Kc7 36. Rb2 Nh8 37. Rb3 Nf7 38. Kd2 Ng5 39. Kc2 Ngxh3 40.
Bxh3 Nxh3 41. Bb2 Ra2 42. Kb1 Rxb2+ 43. Rxb2 Nf4 44. Ra2 Kb7 45. Kc2 h3 46. Kc3
Ng2 47. Ra1 Nf4 48. Kd2 Nh5 49. Ke1 b5 50. cxb5 c4 51. d6 c3 52. Kf2 c2 53. Rc1
Nf4 54. Rxc2 h2 55. Rc7+ Kb6 56. Rh7 {sergor resigns} 1-0

[Event "ICS rated blitz match"]
[Site "207.99.83.229"]
[Date "1999.07.24"]
[Round "?"]
[White "sergor"]
[Black "Hossa"]
[Result "0-1"]
[WhiteElo "2321"]
[BlackElo "2426"]
[PlyCount "60"]
[EventDate "1999.??.??"]

1. d4 d5 2. c4 e6 3. cxd5 exd5 4. Nc3 Nf6 5. Bg5 Nbd7 6. e3 h6 7. Bh4 Be7 8.
Qc2 O-O 9. Bd3 g5 10. Bg3 c6 11. h4 g4 12. h5 c5 13. Nge2 Re8 14. Bf4 Bf8 15.
dxc5 Nxc5 16. O-O-O Nxd3+ 17. Qxd3 Be6 18. Kb1 Ne4 19. Rhf1 Bf5 20. Ka1 Ng3 21.
e4 Nxe4 22. Qxd5 Nxc3 23. Nxc3 Qc8 24. f3 Bg7 25. Rc1 Rd8 26. Qb3 Be6 27. Qa4
Rd4 28. Qxd4 Bxd4 29. Ne2 Qd7 30. Rfd1 30... Qa4 {sergor resigns} 0-1

[Event "ICS rated blitz match"]
[Site "207.99.83.229"]
[Date "1999.07.24"]
[Round "?"]
[White "Hossa"]
[Black "egya"]
[Result "1-0"]
[WhiteElo "2437"]
[BlackElo "2038"]
[PlyCount "25"]
[EventDate "1999.??.??"]

1. d4 Nf6 2. c4 a6 3. Nc3 e5 4. dxe5 Ng4 5. Bf4 Nc6 6. Nf3 Qe7 7. Nd5 Qd8 8. h3
Nh6 9. e4 d6 10. Bg5 Ne7 11. exd6 Qxd6 12. Bf4 Qg6 13. Nxc7# {egya checkmated}
1-0

[Event "ICS rated blitz match"]
[Site "207.99.83.229"]
[Date "1999.07.24"]
[Round "?"]
[White "egya"]
[Black "Hossa"]
[Result "0-1"]
[WhiteElo "2035"]
[BlackElo "2440"]
[PlyCount "60"]
[EventDate "1999.??.??"]

1. b3 e5 2. Bb2 Nc6 3. e3 e4 4. c4 f5 5. a3 Nf6 6. Nc3 Be7 7. Nd5 O-O 8. d3
Nxd5 9. cxd5 Nb8 10. dxe4 fxe4 11. d6 cxd6 12. Qd5+ Kh8 13. Qxe4 Nc6 14. Bd3
Qa5+ 15. b4 Qh5 16. Ne2 d5 17. Nf4 dxe4 18. Nxh5 exd3 19. Bxg7+ Kg8 20. Bxf8
Kxf8 21. Rd1 a5 22. b5 Ne5 23. a4 Bb4+ 24. Kf1 d6 25. f3 Be6 26. Kf2 Bb3 27.
Ra1 d2 28. Rhb1 Rc8 29. Rxb3 Rc1 30. Rbb1 30... Nd3+ {egya resigns} 0-1

[Event "ICS rated blitz match"]
[Site "207.99.83.229"]
[Date "1999.07.24"]
[Round "?"]
[White "Hossa"]
[Black "Njall"]
[Result "0-1"]
[WhiteElo "2443"]
[BlackElo "2303"]
[PlyCount "121"]
[EventDate "1999.??.??"]

1. d4 d5 2. c4 c6 3. Nc3 Nf6 4. cxd5 cxd5 5. f3 Nc6 6. e4 dxe4 7. d5 Nb8 8.
fxe4 g6 9. Be2 Bg7 10. Bg5 O-O 11. Rc1 Nbd7 12. Nf3 a6 13. O-O b5 14. Qc2 Qb6+
15. Kh1 Re8 16. Nd1 Ng4 17. Qd2 Nde5 18. Nxe5 Nxe5 19. Bh6 Bd7 20. Bxg7 Kxg7
21. Qg5 f6 22. Qf4 Rac8 23. Nf2 Rxc1 24. Rxc1 Rc8 25. Rxc8 Bxc8 26. a3 Qd4 27.
Nd1 g5 28. Qe3 Qxe3 29. Nxe3 h6 30. g4 Kf8 31. b4 Ke8 32. Kg2 Kd8 33. Kg3 Kc7
34. h4 Kd6 35. h5 Nf7 36. Bf3 Ke5 37. Nf1 Nd6 38. Nd2 Kd4 39. Nb3+ Kc3 40. Na5
Bd7 41. Nc6 Bxc6 42. dxc6 Kb3 43. e5 fxe5 44. Bd5+ Kxa3 45. c7 Kxb4 46. Bb7 a5
47. Kf3 Kc3 48. c8=Q+ Nxc8 49. Bxc8 b4 50. Ke4 b3 51. Be6 a4 52. Kf5 a3 53. Kg6
a2 54. Bxb3 Kxb3 55. Kxh6 a1=Q 56. Kxg5 e4 57. Kf4 Qf6+ 58. Kxe4 Qg5 59. Kf3
Kc4 60. Kg3 Kd4 61. Kf3 {Hossa resigns} 0-1

[Event "ICS rated blitz match"]
[Site "207.99.83.229"]
[Date "1999.07.24"]
[Round "?"]
[White "matar"]
[Black "Hossa"]
[Result "0-1"]
[WhiteElo "2215"]
[BlackElo "2421"]
[PlyCount "36"]
[EventDate "1999.??.??"]

1. e4 b6 2. d4 Bb7 3. Bd3 e6 4. Nf3 d5 5. exd5 Qxd5 6. O-O Nc6 7. c4 Qd7 8. d5
exd5 9. cxd5 Qxd5 10. Nc3 Qd7 11. Re1+ Be7 12. Qe2 O-O-O 13. Bb5 Qg4 14. Be3
Ne5 15. Ba6 Nxf3+ 16. Kh1 Ne5 17. Bxb7+ Kxb7 18. f3 18... Qg6 {matar resigns}
0-1

[Event "ICS rated blitz match"]
[Site "207.99.83.229"]
[Date "1999.07.24"]
[Round "?"]
[White "Hossa"]
[Black "StKlug"]
[Result "1-0"]
[WhiteElo "2428"]
[BlackElo "2076"]
[PlyCount "109"]
[EventDate "1999.??.??"]

1. d4 Nf6 2. c4 e6 3. Nc3 Bb4 4. Bg5 h6 5. Bh4 d6 6. Qa4+ Nc6 7. d5 Bxc3+ 8.
bxc3 g5 9. dxc6 bxc6 10. Bg3 O-O 11. c5 Nd5 12. cxd6 cxd6 13. Qxc6 Bd7 14. Qxd6
Qa5 15. Rc1 Rac8 16. Qe5 f6 17. Qe4 f5 18. Qe5 f4 19. e4 Rxc3 20. Rxc3 Qxc3+
21. Qxc3 Nxc3 22. f3 fxg3 23. hxg3 Nxa2 24. Rxh6 Kg7 25. Rh5 Kg6 26. g4 Rb8 27.
Nh3 Rb1+ 28. Kf2 Nc3 29. Rxg5+ Kf6 30. e5+ Kf7 31. Nf4 a5 32. Nh5 a4 33. Rg7+
Ke8 34. Nf6+ Kf8 35. Rxd7 a3 36. Rd8+ Kf7 37. Nh7 Rb7 38. Ng5+ Kg7 39. Nxe6+
Kf7 40. Ng5+ Kg6 41. Rg8+ Rg7 42. Bd3+ Kxg5 43. Rxg7+ Kf4 44. e6 a2 45. Ra7
Nd1+ 46. Kg1 Nb2 47. Be2 Nd3 48. Bxd3 Ke3 49. Be4 Kf4 50. Rxa2 Kg3 51. e7 Kh4
52. e8=Q Kg3 53. Qe5+ Kh4 54. g3+ Kh3 55. Rh2# {StKlug checkmated} 1-0

[Event "ICS Rated blitz match"]
[Site "207.99.83.229"]
[Date "1999.07.24"]
[Round "?"]
[White "StKlug"]
[Black "Hossa"]
[Result "0-1"]
[WhiteElo "2065"]
[BlackElo "2439"]
[PlyCount "82"]
[EventDate "1999.??.??"]

1. d4 d5 2. Nf3 Nf6 3. c4 dxc4 4. e3 c5 5. Bxc4 cxd4 6. exd4 Nc6 7. O-O Bg4 8.
d5 Nb8 9. Qa4+ Nbd7 10. Ne5 a6 11. Nxg4 Nxg4 12. Bxa6 Ngf6 13. Qb5 bxa6 14. Qb3
Nc5 15. Qg3 Nce4 16. Qh4 Qxd5 17. f3 Qd4+ 18. Kh1 Qd3 19. Nd2 Nxd2 20. Rd1 Nxf3
21. Rxd3 Nxh4 22. Be3 Ng6 23. Rad1 e6 24. Bb6 Be7 25. Rc3 Nd5 26. Rc6 Ne5 27.
Rc2 Nxb6 28. Re2 Bf6 29. b3 O-O 30. h3 Rad8 31. Red2 Rxd2 32. Rxd2 Nd5 33. Kg1
h5 34. Kf1 Kh7 35. Ke2 Rd8 36. g3 Nc3+ 37. Ke1 Nf3+ 38. Kf2 Nxd2 39. a3 Nde4+
40. Kg2 Rd2+ 41. Kf3 41... Bg5 {StKlug resigns} 0-1

[Event "ICS Rated blitz match"]
[Site "207.99.83.229"]
[Date "1999.07.24"]
[Round "?"]
[White "Hossa"]
[Black "SuperChicken"]
[Result "0-1"]
[WhiteElo "2442"]
[BlackElo "2796"]
[PlyCount "133"]
[EventDate "1999.??.??"]

1. d4 Nf6 2. c4 e6 3. Nc3 Bb4 4. Bg5 h6 5. Bh4 c5 6. d5 Bxc3+ 7. bxc3 d6 8. Nf3
e5 9. Nd2 Nbd7 10. Qc2 g5 11. Bg3 Nh5 12. e4 Nxg3 13. fxg3 h5 14. Be2 h4 15.
gxh4 gxh4 16. O-O Qg5 17. Rf5 Qe3+ 18. Rf2 Nf6 19. Qd3 Qxd3 20. Bxd3 Nh5 21.
Raf1 Nf4 22. Bc2 Bd7 23. Kh1 O-O-O 24. Nb3 Rdf8 25. Nc1 f5 26. exf5 Bxf5 27.
Bxf5+ Rxf5 28. Nd3 Rhf8 29. Nxf4 exf4 30. Kg1 Kd7 31. Rf3 R5f7 32. Rh3 Rh7 33.
g3 Re7 34. Rxf4 Rxf4 35. gxf4 Re4 36. Rxh4 Rxc4 37. Rh3 Rxf4 38. Rh7+ Kc8 39.
Rh8+ Kc7 40. Rg8 Rf5 41. Rg7+ Kb6 42. c4 Rf4 43. Rd7 Rxc4 44. Rxd6+ Kc7 45. Rf6
Ra4 46. h4 Rxh4 47. Kg2 Ra4 48. Kf3 Rxa2 49. Ke4 a5 50. Rf7+ Kb6 51. Rd7 a4 52.
Ke3 a3 53. Rd6+ Kc7 54. Rf6 Ra1 55. Rf2 b5 56. Rd2 a2 57. d6+ Kd7 58. Re2 b4
59. Ke4 b3 60. Rh2 Re1+ 61. Kd5 a1=Q 62. Rh7+ Kd8 63. Kc6 Qa4+ 64. Kb6 Qb4+ 65.
Kc6 Qe4+ 66. Kb6 Qxh7 67. Ka6 {Hossa resigns} 0-1

[Event "ICS rated blitz match"]
[Site "207.99.83.229"]
[Date "1999.07.24"]
[Round "?"]
[White "ulun"]
[Black "Hossa"]
[Result "0-1"]
[WhiteElo "2096"]
[BlackElo "2438"]
[PlyCount "51"]
[EventDate "1999.??.??"]

1. e4 Nf6 2. e5 Nd5 3. d4 d6 4. Nf3 Bg4 5. Be2 Nc6 6. c4 Nb6 7. exd6 cxd6 8. b3
e6 9. O-O d5 10. c5 Bxc5 11. dxc5 Qf6 12. cxb6 Qxa1 13. Nbd2 Qxa2 14. bxa7 O-O
15. h3 Bf5 16. Bb5 Rxa7 17. Bxc6 bxc6 18. Nd4 Bd3 19. Re1 c5 20. Nc6 Bc2 21.
Qg4 Rc7 22. Ne5 Rb7 23. Ndf3 Bf5 24. Qa4 Qxb3 25. Qc6 Qb5 26. Qb6 {ulun resigns
} 0-1

[Event "ICS rated blitz match"]
[Site "207.99.83.229"]
[Date "1999.07.24"]
[Round "?"]
[White "Slivovitz"]
[Black "Hossa"]
[Result "0-1"]
[WhiteElo "2104"]
[BlackElo "2442"]
[PlyCount "58"]
[EventDate "1999.??.??"]

1. e4 Nf6 2. e5 Nd5 3. c4 Nb6 4. d4 d6 5. exd6 exd6 6. Be2 Be7 7. Nf3 O-O 8.
O-O d5 9. c5 N6d7 10. b4 a5 11. b5 Bf6 12. Qc2 b6 13. c6 Nc5 14. dxc5 Bxa1 15.
cxb6 cxb6 16. c7 Qf6 17. cxb8=Q Rxb8 18. Bg5 Qb2 19. Qxb2 Bxb2 20. Nbd2 Bf5 21.
Nb3 Rbe8 22. Nbd4 Be4 23. Be3 Rb8 24. Rd1 Rb7 25. Bd3 Rd7 26. Bxe4 dxe4 27. Ne5
Rd5 28. Nc4 Bxd4 29. Rxd4 29... Rxd4 {Slivovitz resigns} 0-1

[Event "ICS rated blitz match"]
[Site "207.99.83.229"]
[Date "1999.07.24"]
[Round "?"]
[White "Hossa"]
[Black "jyrkip"]
[Result "0-1"]
[WhiteElo "2446"]
[BlackElo "2289"]
[PlyCount "69"]
[EventDate "1999.??.??"]

1. d4 Nf6 2. c4 g6 3. Nc3 Bg7 4. e4 d6 5. f3 c6 6. Be3 a6 7. Bd3 b5 8. e5 Nfd7
9. f4 O-O 10. Nf3 c5 11. Be4 Ra7 12. cxb5 axb5 13. Nxb5 Qa5+ 14. Nc3 Ba6 15.
Qb3 cxd4 16. Bxd4 Nc5 17. Qc2 Nbd7 18. exd6 exd6 19. Bxg7 Kxg7 20. Kf2 Nf6 21.
Ng5 h6 22. Nh3 Re8 23. Bf3 Nd3+ 24. Kg3 Nh5+ 25. Bxh5 Qxh5 26. Nd1 Rae7 27.
Qc3+ Kg8 28. Qd4 Re4 29. Qxe4 Rxe4 30. Nhf2 Rxf4 31. h4 Rxf2 32. Re1 Nxe1 33.
Nxf2 Nd3 34. Nxd3 Bxd3 35. Re1 {Hossa resigns} 0-1

[Event "ICS rated blitz match"]
[Site "207.99.83.229"]
[Date "1999.07.24"]
[Round "?"]
[White "Hossa"]
[Black "salzi"]
[Result "1-0"]
[WhiteElo "2423"]
[BlackElo "2123"]
[PlyCount "74"]
[EventDate "1999.??.??"]

1. d4 Nf6 2. c4 d6 3. Nc3 g6 4. e4 Bg7 5. f3 O-O 6. Nge2 e5 7. Be3 Nh5 8. Kf2
f5 9. dxe5 dxe5 10. Qxd8 Rxd8 11. exf5 gxf5 12. Nd5 Na6 13. Bg5 Re8 14. Rd1 Kf7
15. b3 Nf6 16. Nxf6 Bxf6 17. Bxf6 Kxf6 18. Nc3 c6 19. Be2 Be6 20. Rhe1 Rad8 21.
Kg1 Rxd1 22. Rxd1 Ke7 23. a3 Rd8 24. Rxd8 Kxd8 25. b4 Ke7 26. Kf2 Kf6 27. Bd3
Nc7 28. g3 Ne8 29. h4 Nd6 30. c5 Bc4 31. cxd6 Bxd3 32. Ke3 Bc4 33. g4 Be6 34.
g5+ Kg6 35. Na4 b6 36. Nb2 Kh5 37. Nd3 37... e4 {salzi resigns} 1-0

[Event "ICS Rated blitz match"]
[Site "207.99.83.229"]
[Date "1999.07.24"]
[Round "?"]
[White "inmichess"]
[Black "Hossa"]
[Result "1-0"]
[WhiteElo "2395"]
[BlackElo "2428"]
[PlyCount "125"]
[EventDate "1999.??.??"]

1. e4 Nf6 2. e5 Nd5 3. d4 d6 4. c4 Nb6 5. exd6 cxd6 6. Nc3 Bf5 7. Nf3 e6 8. d5
e5 9. Bd3 Bg4 10. h3 Bh5 11. Be3 Be7 12. O-O O-O 13. c5 dxc5 14. g4 Bg6 15.
Bxg6 fxg6 16. Nxe5 Bd6 17. Nf3 Nc4 18. Qe2 Qf6 19. Qxc4 Qxf3 20. Qe4 Rf7 21.
Qe6 Qxh3 22. Qxd6 Qxg4+ 23. Qg3 Qb4 24. Rae1 Nd7 25. Re2 Raf8 26. Rfe1 Rf3 27.
Qg2 Nb6 28. a3 Qc4 29. d6 Nd7 30. Bg5 Qb3 31. Qg4 R3f5 32. Qg3 Kh8 33. a4 Kg8
34. Qg2 c4 35. Nd5 Kh8 36. Be7 Re8 37. a5 c3 38. Nxc3 Rc8 39. Ra1 a6 40. Ra3
Qb4 41. Ra4 Qb3 42. Rh4 Kg8 43. Qh3 h6 44. Rhe4 Rcc5 45. Bd8 Ne5 46. Qg3 Rf3
47. Qg2 Rf5 48. f4 Nf7 49. Qxg6 Nxd6 50. Qxd6 Rc6 51. Re8+ Kh7 52. Qb8 Qc4 53.
R2e4 Qb3 54. Bh4 Kg6 55. R8e7 Kh5 56. Bg3 Rxa5 57. Rxg7 Qb6+ 58. Kh2 Re6 59.
Rxe6 Qxe6 60. Qd8 Qh3+ 61. Kxh3 Rg5 62. Qe8+ Rg6 63. Qxg6# {Hossa checkmated}
1-0

[Event "ICS rated blitz match"]
[Site "207.99.83.229"]
[Date "1999.07.24"]
[Round "?"]
[White "salzi"]
[Black "Hossa"]
[Result "0-1"]
[WhiteElo "2111"]
[BlackElo "2410"]
[PlyCount "46"]
[EventDate "1999.??.??"]

1. d4 d5 2. c4 e6 3. Nc3 Nf6 4. Bg5 Be7 5. e3 h6 6. Bh4 O-O 7. Nf3 Nbd7 8. Rc1
c6 9. Qc2 Ng4 10. Bxe7 Qxe7 11. Bd3 dxc4 12. Bxc4 e5 13. h3 exd4 14. hxg4 dxc3
15. g5 cxb2 16. Rd1 Qb4+ 17. Ke2 Nb6 18. Bb3 Nd5 19. Rd4 Nc3+ 20. Kd3 Bf5+ 21.
e4 Bxe4+ 22. Rxe4 Nxe4 23. gxh6 23... Rfe8 {salzi resigns} 0-1

[Event "ICS rated blitz match"]
[Site "207.99.83.229"]
[Date "1999.07.24"]
[Round "?"]
[White "Hossa"]
[Black "salzi"]
[Result "1-0"]
[WhiteElo "2415"]
[BlackElo "2106"]
[PlyCount "77"]
[EventDate "1999.??.??"]

1. d4 Nf6 2. c4 d6 3. Nc3 g6 4. e4 Bg7 5. f3 O-O 6. Nge2 e5 7. Be3 Nh5 8. Kf2
f5 9. dxe5 dxe5 10. Qxd8 Rxd8 11. exf5 gxf5 12. Nd5 Na6 13. Bg5 Re8 14. Rd1 Kf7
15. b3 Nf6 16. Nxf6 Bxf6 17. Bxf6 Kxf6 18. Nc3 c6 19. Be2 Be6 20. Rhe1 Rad8 21.
Kg1 Rxd1 22. Rxd1 Ke7 23. a3 Rd8 24. Rxd8 Kxd8 25. b4 Ke7 26. Kf2 h6 27. h3 Kf6
28. g4 Nc7 29. Bd3 Ne8 30. a4 Nd6 31. c5 Bc4 32. Bc2 fxg4 33. cxd6 gxh3 34. d7
Ke7 35. Bf5 h2 36. Kg2 Bd5 37. Nxd5+ cxd5 38. Kxh2 e4 39. fxe4 {salzi resigns}
1-0

[Event "ICS rated blitz match"]
[Site "207.99.83.229"]
[Date "1999.07.24"]
[Round "?"]
[White "Hossa"]
[Black "fidelito"]
[Result "1/2-1/2"]
[WhiteElo "2420"]
[BlackElo "2207"]
[PlyCount "68"]
[EventDate "1999.??.??"]

1. d4 d5 2. c4 e6 3. Nc3 c5 4. cxd5 exd5 5. Nf3 Nc6 6. g3 Nf6 7. Bg2 Be7 8. O-O
O-O 9. Bg5 c4 10. Rc1 Bg4 11. Ne5 Be6 12. Qd2 h6 13. Bxh6 gxh6 14. Nxc6 bxc6
15. Qxh6 Nh7 16. e3 Bf6 17. h4 Bg7 18. Qh5 Qd7 19. Qe2 Bh3 20. Kh2 Bxg2 21.
Kxg2 f5 22. b3 cxb3 23. axb3 Nf6 24. Na4 Qd6 25. Qa6 Rac8 26. Kh1 Rc7 27. Nc3
Ne4 28. Nb5 Nxg3+ 29. fxg3 Qxg3 30. Nxc7 Qh3+ 31. Kg1 Qg3+ 32. Kh1 Qh3+ 33. Kg1
Qg3+ 34. Kh1 34... Qh3+ {Game drawn by repetition} 1/2-1/2

[Event "ICS rated blitz match"]
[Site "207.99.83.229"]
[Date "1999.07.24"]
[Round "?"]
[White "Zavros"]
[Black "Hossa"]
[Result "0-1"]
[WhiteElo "2164"]
[BlackElo "2411"]
[PlyCount "97"]
[EventDate "1999.??.??"]

1. e4 Nf6 2. e5 Nd5 3. Nc3 Nxc3 4. dxc3 Nc6 5. Nf3 d6 6. Bc4 dxe5 7. Qxd8+ Nxd8
8. Nxe5 f6 9. Nd3 e5 10. f4 e4 11. Nf2 f5 12. Be3 Be6 13. Be2 Bd6 14. O-O-O Nf7
15. g4 O-O 16. c4 Rad8 17. g5 c5 18. h4 Rd7 19. h5 Rfd8 20. c3 b5 21. cxb5 Bxa2
22. Kc2 Ra8 23. Ra1 Be6 24. Rhd1 Rad8 25. Ra6 Nh8 26. Rda1 c4 27. Rxa7 Rxa7 28.
Rxa7 Nf7 29. Ra6 Bd5 30. Nh3 Bf8 31. Bd4 Nd6 32. b6 Nf7 33. Ra7 Rb8 34. Ra4 Rc8
35. Ra7 Nd6 36. Ra4 Rb8 37. g6 hxg6 38. hxg6 Bc6 39. Ra7 Be8 40. Ng5 Bxg6 41.
Ne6 Nc8 42. Nxf8 Kxf8 43. Ra6 Bf7 44. Ra4 Nxb6 45. Bxb6 Rxb6 46. Bxc4 Bxc4 47.
Rxc4 Ke7 48. b4 Kf6 49. Rc6+ {Zavros resigns} 0-1

[Event "ICS rated blitz match"]
[Site "207.99.83.229"]
[Date "1999.07.24"]
[Round "?"]
[White "Hossa"]
[Black "TDChess"]
[Result "0-1"]
[WhiteElo "2417"]
[BlackElo "2523"]
[PlyCount "134"]
[EventDate "1999.??.??"]

1. d4 e6 2. c4 Bb4+ 3. Bd2 c5 4. Bxb4 cxb4 5. e4 b6 6. Qg4 Qf6 7. e5 Qh6 8. Nd2
f5 9. Qf3 Nc6 10. Qd3 Nge7 11. Be2 Bb7 12. Ngf3 Ng6 13. O-O Nf4 14. Qe3 Nxe2+
15. Qxe2 O-O 16. a3 bxa3 17. Rxa3 a5 18. Qe3 f4 19. Qe4 Rab8 20. Qe2 Qg6 21.
Qd3 Qh5 22. Ne4 b5 23. c5 Ba6 24. Raa1 Ra8 25. Nd6 b4 26. Nc4 a4 27. Nfd2 Qg6
28. Qxg6 hxg6 29. Rfd1 Bb5 30. Nb6 Ra7 31. Ne4 Na5 32. Re1 Nb3 33. Rad1 a3 34.
bxa3 bxa3 35. Nc3 Ba6 36. f3 Rc7 37. Na2 Rb8 38. Nb4 Bb5 39. Re4 Rf8 40. Nc2 a2
41. Na1 Nxa1 42. Rxa1 Ra7 43. Ree1 Bd3 44. Red1 Bc2 45. Rd2 Bb1 46. d5 g5 47.
dxe6 dxe6 48. Rd6 Kf7 49. c6 Rb8 50. Nc4 Rb5 51. Rd4 Rc5 52. h4 Kg6 53. Rd7 Ra6
54. Nd2 Raxc6 55. hxg5 Rxe5 56. Kf2 Rc2 57. Kf1 Rd5 58. Rxd5 exd5 59. Nb3 Kxg5
60. Nd4 Rb2 61. Kg1 Kh4 62. Kh2 g5 63. Nc6 g4 64. Kg1 Bd3 65. g3+ Kxg3 66. Nb8
Rb1+ 67. Rxb1 67... axb1=Q# {Hossa checkmated} 0-1

[Event "ICS rated blitz match"]
[Site "207.99.83.229"]
[Date "1999.07.24"]
[Round "?"]
[White "brutus"]
[Black "Hossa"]
[Result "0-1"]
[WhiteElo "2073"]
[BlackElo "2406"]
[PlyCount "42"]
[EventDate "1999.??.??"]

1. e4 Nf6 2. Nc3 d5 3. e5 d4 4. exf6 dxc3 5. fxe7 cxd2+ 6. Bxd2 Qxe7+ 7. Be2
Nc6 8. Nf3 Be6 9. O-O O-O-O 10. Qc1 Bxa2 11. Bd3 Bd5 12. Re1 Qd7 13. Ne5 Nxe5
14. Rxe5 Qd6 15. Bf4 Qb6 16. Bf5+ Be6 17. Bxe6+ fxe6 18. Qe1 Bc5 19. Be3 Bxe3
20. Qxe3 Qxb2 21. Rxa7 21... Rd1+ {brutus resigns} 0-1

[Event "ICS Rated blitz match"]
[Site "207.99.83.229"]
[Date "1999.07.24"]
[Round "?"]
[White "Hossa"]
[Black "brutus"]
[Result "1-0"]
[WhiteElo "2410"]
[BlackElo "2069"]
[PlyCount "41"]
[EventDate "1999.??.??"]

1. d4 Nf6 2. c4 g6 3. Nc3 d5 4. cxd5 Nxd5 5. e4 Nxc3 6. bxc3 Bg7 7. Bb5+ Bd7 8.
Qb3 Bxb5 9. Qxb5+ Nd7 10. Qxb7 O-O 11. Ne2 c5 12. Be3 cxd4 13. Bxd4 e5 14. Bxa7
Qa5 15. Be3 Nf6 16. f3 Rfb8 17. Qc6 Rb2 18. a4 Rab8 19. Kf2 h5 20. Rhd1 Bf8 21.
Qxf6 {brutus resigns} 1-0

[Event "ICS rated blitz match"]
[Site "207.99.83.229"]
[Date "1999.07.24"]
[Round "?"]
[White "Hossa"]
[Black "fidelito"]
[Result "1-0"]
[WhiteElo "2414"]
[BlackElo "2249"]
[PlyCount "61"]
[EventDate "1999.??.??"]

1. d4 d5 2. c4 e6 3. Nc3 c5 4. cxd5 exd5 5. Nf3 Nc6 6. g3 Nf6 7. Bg2 Be7 8. O-O
O-O 9. Bg5 c4 10. Rc1 h6 11. Bxf6 Bxf6 12. e4 dxe4 13. Nxe4 Bxd4 14. Nxd4 Qxd4
15. Qxd4 Nxd4 16. Rxc4 Rd8 17. Nc3 Be6 18. Rc7 Rab8 19. Bxb7 a5 20. f4 Rd6 21.
b3 Nf5 22. Ne4 Rd4 23. Nc5 Bd5 24. Bxd5 Rxd5 25. Ne4 a4 26. bxa4 Rb2 27. Rf2
Rd1+ 28. Kg2 Rb4 29. Nc3 Ne3+ 30. Kf3 Nc4 31. Nxd1 {fidelito resigns} 1-0

[Event "ICS rated blitz match"]
[Site "207.99.83.229"]
[Date "1999.07.24"]
[Round "?"]
[White "fidelito"]
[Black "Hossa"]
[Result "0-1"]
[WhiteElo "2240"]
[BlackElo "2423"]
[PlyCount "60"]
[EventDate "1999.??.??"]

1. e4 Nf6 2. e5 Nd5 3. d4 d6 4. c4 Nb6 5. exd6 cxd6 6. Bd3 e5 7. Ne2 Nc6 8. d5
Nb4 9. O-O Nxd3 10. Qxd3 Be7 11. Nbc3 O-O 12. f4 f6 13. f5 Bd7 14. Ne4 Qc8 15.
Nd2 Qc5+ 16. Kh1 Rae8 17. b3 Qb4 18. a3 Qc5 19. Ne4 Qc8 20. g4 Na8 21. Be3 a6
22. Rac1 Qd8 23. b4 Nb6 24. c5 Bb5 25. Qb3 Bxe2 26. cxb6 Bxf1 27. Rxf1 Qd7 28.
Rc1 Rc8 29. h4 Rxc1+ 30. Bxc1 30... Qb5 {fidelito resigns} 0-1

[Event "ICS rated blitz match"]
[Site "207.99.83.229"]
[Date "1999.07.24"]
[Round "?"]
[White "Hossa"]
[Black "inmortal"]
[Result "1-0"]
[WhiteElo "2431"]
[BlackElo "2320"]
[PlyCount "61"]
[EventDate "1999.??.??"]

1. d4 Nf6 2. c4 g6 3. Nc3 Bg7 4. e4 d6 5. f3 O-O 6. Be3 Nbd7 7. g4 c5 8. d5 a6
9. Rb1 b5 10. cxb5 Ne5 11. g5 Ne8 12. bxa6 Bxa6 13. Bxa6 Rxa6 14. f4 Nc4 15.
Qd3 Nxe3 16. Qxa6 Ng2+ 17. Kd1 Nxf4 18. h4 f5 19. gxf6 Nxf6 20. Kc2 Ng4 21. Nh3
Ne3+ 22. Kd2 Nxh3 23. Rxh3 Ng2 24. Rg1 Qd7 25. Rhh1 Rf2+ 26. Kc1 Bxc3 27. bxc3
Qg4 28. Qa4 Kg7 29. h5 Qf4+ 30. Kb1 Qxe4+ 31. Qxe4 {inmortal resigns} 1-0

[Event "ICS rated blitz match"]
[Site "207.99.83.229"]
[Date "1999.07.25"]
[Round "?"]
[White "pagoda"]
[Black "Hossa"]
[Result "0-1"]
[WhiteElo "2114"]
[BlackElo "2442"]
[PlyCount "46"]
[EventDate "1999.??.??"]

1. e4 b6 2. d4 Bb7 3. Bd3 e6 4. Nf3 d5 5. e5 c5 6. c3 cxd4 7. cxd4 Bb4+ 8. Bd2
Bxd2+ 9. Qxd2 Nc6 10. Nc3 Nge7 11. O-O O-O 12. Rac1 f6 13. a3 fxe5 14. dxe5
Rxf3 15. gxf3 Nxe5 16. Be2 Qf8 17. f4 N5g6 18. Bg4 Nxf4 19. Rfe1 Qf6 20. Ne2
Neg6 21. Nxf4 Qg5 22. h3 h5 23. Rc7 23... Nxf4 {pagoda resigns} 0-1

[Event "ICS Rated blitz match"]
[Site "207.99.83.229"]
[Date "1999.07.25"]
[Round "?"]
[White "Pheona"]
[Black "Hossa"]
[Result "1-0"]
[WhiteElo "2548"]
[BlackElo "2446"]
[PlyCount "170"]
[EventDate "1999.??.??"]

1. e4 Nf6 2. e5 Nd5 3. d4 d6 4. Nf3 Bg4 5. c4 Nb6 6. Nbd2 dxe5 7. dxe5 Nc6 8.
Be2 e6 9. O-O Nd7 10. Qb3 Bb4 11. Nb1 O-O 12. a3 Be7 13. Qxb7 Ncxe5 14. Rd1 Rb8
15. Qxa7 Nxf3+ 16. gxf3 Bh3 17. Nc3 Rb6 18. f4 Qc8 19. Bf3 Nf6 20. Nb5 Nd5 21.
Qa4 Ra6 22. Qb3 Nf6 23. Be3 Qb8 24. Bd4 Ne8 25. Be4 Bg4 26. Rd3 Nf6 27. Bg2 Bf5
28. Rdd1 Ng4 29. Qg3 f6 30. Bc3 Bc5 31. Rd2 Rd8 32. Rad1 Rxd2 33. Rxd2 c6 34.
Nd4 Bxd4 35. Bxd4 Qf8 36. Qb3 Qc8 37. Bb6 Qb7 38. Rd8+ Kf7 39. c5 Ra8 40. Rd6
Rc8 41. Qa4 Kg8 42. Bxc6 Qf7 43. Qd1 Rf8 44. Bg2 Kh8 45. c6 e5 46. h3 Nh6 47.
fxe5 fxe5 48. c7 Bc8 49. Qe2 Qf5 50. Bc5 Nf7 51. Rd2 Rg8 52. Kh1 Ng5 53. h4 Ne6
54. Bd6 Qf4 55. Kg1 Qxh4 56. Qxe5 Qh6 57. Qe3 Qg6 58. Qe4 Qg5 59. Rc2 Qh5 60.
Rc1 Re8 61. Qf3 Qh6 62. Qe3 Qh5 63. Qf3 Qh6 64. Qc6 Rg8 65. Bh2 Rf8 66. Rd1 Qh4
67. Bg3 Qg4 68. Qd6 Rf6 69. Rc1 Nf8 70. Qd8 h6 71. Re1 Ba6 72. Re8 Qf5 73. Qa8
Qb1+ 74. Kh2 Qf5 75. Rxf8+ Rxf8 76. Qxa6 Qc2 77. Bh3 Rxf2+ 78. Kg1 Rf8 79. c8=Q
Qb1+ 80. Bf1 Rxc8 81. Qxc8+ Kh7 82. Be5 Qg6+ 83. Kf2 Qf7+ 84. Ke1 Qg6 85. Qc7
85... Qg1 {Hossa resigns} 1-0

[Event "ICS rated blitz match"]
[Site "207.99.83.229"]
[Date "1999.07.25"]
[Round "?"]
[White "Hossa"]
[Black "TDChess"]
[Result "1/2-1/2"]
[WhiteElo "2435"]
[BlackElo "2535"]
[PlyCount "145"]
[EventDate "1999.??.??"]

1. d4 e6 2. e4 d5 3. exd5 exd5 4. c4 Nc6 5. Be3 Bb4+ 6. Nc3 Nf6 7. a3 Bxc3+ 8.
bxc3 O-O 9. Bd3 dxc4 10. Bxc4 Nd5 11. Bd2 Nb6 12. Be2 Qe7 13. Nf3 Re8 14. Rg1
Be6 15. Bg5 Qd6 16. Kf1 Rab8 17. a4 Bg4 18. a5 Nd5 19. Qc2 Nf4 20. Bxf4 Qxf4
21. h3 Bf5 22. Qd2 Qxd2 23. Nxd2 b5 24. axb6 Rxb6 25. Nc4 Rb3 26. d5 Ne5 27. g4
Nxc4 28. Bxc4 Rxc3 29. gxf5 Rxc4 30. f6 g6 31. Rxa7 c6 32. d6 Rd8 33. Rc7 Rd4
34. Rxc6 R4xd6 35. Rxd6 Rxd6 36. Kg2 Rxf6 37. Re1 Rf4 38. Kg3 g5 39. f3 f6 40.
Re7 h5 41. Rd7 Rb4 42. Kf2 Rb3 43. Kg3 Kf8 44. Ra7 h4+ 45. Kg4 Rc3 46. Rb7 Ra3
47. Rc7 Rd3 48. Rb7 Rc3 49. Rd7 Ke8 50. Rd4 Kf7 51. f4 Rg3+ 52. Kh5 Ke6 53.
fxg5 fxg5 54. Rd2 Rxh3 55. Kxg5 Rh1 56. Kg4 h3 57. Kg3 Ke7 58. Re2+ Kd6 59.
Rd2+ Kc5 60. Rc2+ Kb4 61. Rb2+ Ka3 62. Rd2 Ra1 63. Kxh3 Rh1+ 64. Kg4 Rh8 65.
Kf5 Rh7 66. Rc2 Rh8 67. Ke5 Rh7 68. Kd5 Rh8 69. Kd4 Rh7 70. Kd5 Rh8 71. Kd4 Rh7
72. Kd5 Rh8 73. Kd4 {Game drawn by repetition} 1/2-1/2